| 000 | 00387nam a2200121 4500 | ||
|---|---|---|---|
| 999 |
_c13753 _d13753 |
||
| 008 | 190403b ||||| |||| 00| 0 eng d | ||
| 100 |
_938227 _aGeducos, Argyll Cyrus B. |
||
| 245 |
_aPalace eyeing better ties with UNHRC/ _cArgyll Cyrus B. Geducos |
||
| 260 |
_aPhilippines: _bManila Bulletin; _cc2018. |
||
| 300 | _apage 5. | ||
| 650 | 0 |
_938228 _aInternational relations. |
|
| 942 |
_2ddc _cPER |
||